000 00533nam a2200169Ia 4500
003 GCL
008 140319s9999 xx 000 0 eng d
040 _aGCL /
_cGCL
082 0 4 _a892.7
_bV
100 1 _aBOUSANI, ALESSANDRO
245 1 0 _aIL KITABARD MIFTAHAN - NUJUM ATTRIBUITO A HERMES : PRIMA TRADUZIONE ARABA DI UN TESTO ASTROLOGICO /
_cBOUSANI, ALESSANDRO
260 _a[S.N] :
_bACCADEMIA NAZIONALE DEI LINCEI ،
_c1983
300 _a84 - 140
650 0 4 _aحوادث المرور
650 0 4 _aASTROLOGY
942 _2ddc
_cBK
999 _c12411
_d12411